[Event "DEM U12w 2018"]
[Site "Willingen GER"]
[Date "2018.05.21"]
[Round "4"]
[White "Butenandt, Svenja"]
[Black "Lorenz, Anouk"]
[Result "1-0"]
[Termination "normal"]
[Board "3"]
[WhiteElo "1730"]
[BlackElo "1310"]
[WhiteClock "00:19:07"]
[BlackClock "00:16:03"]
[PlyCount "119"]
[WhiteFideId "12993859"]
[BlackFideId "12990256"]
[EventCountry "GER"]
[EventRounds "11"]
[EventType "swiss"]
[EventDate "2018.05.19"]

1. d4 {[%clk 1:15:57]} 1... f5 {[%clk 1:15:54]} 2. e4 {[%clk 1:16:23]} 2... d6
{[%clk 1:15:45]} 3. exf5 {[%clk 1:16:45]} 3... Bxf5 {[%clk 1:15:55]} 4. Nf3 {
[%clk 1:16:50]} 4... Nf6 {[%clk 1:16:03]} 5. Bc4 {[%clk 1:16:51]} 5... e6 {
[%clk 1:15:28]} 6. Nc3 {[%clk 1:14:13]} 6... Nc6 {[%clk 1:10:59]} 7. Bf4 {
[%clk 1:08:55]} 7... a6 {[%clk 1:07:27]} 8. h3 {[%clk 1:05:19]} 8... b5 { [%clk
1:06:57]} 9. Bd3 {[%clk 1:03:57]} 9... Bxd3 {[%clk 1:03:55]} 10. Qxd3 { [%clk
1:04:09]} 10... h6 {[%clk 1:00:00]} 11. Qg6+ {[%clk 0:59:42]} 11... Kd7 { [%clk
0:59:48]} 12. O-O-O {[%clk 0:51:46]} 12... Qe8 {[%clk 0:59:23]} 13. Qd3 { [%clk
0:49:37]} 13... b4 {[%clk 0:55:49]} 14. Ne2 {[%clk 0:43:14]} 14... g5 { [%clk
0:54:00]} 15. Bh2 {[%clk 0:42:13]} 15... Bg7 {[%clk 0:53:05]} 16. Rhe1 { [%clk
0:39:35]} 16... Nd5 {[%clk 0:51:36]} 17. Kb1 {[%clk 0:27:07]} 17... a5 { [%clk
0:49:57]} 18. Nd2 {[%clk 0:25:06]} 18... a4 {[%clk 0:47:59]} 19. Nc4 { [%clk
0:19:14]} 19... b3 {[%clk 0:45:09]} 20. axb3 {[%clk 0:13:16]} 20... Ncb4 {[%clk
0:44:12]} 21. Qg3 {[%clk 0:12:44]} 21... Qe7 {[%clk 0:40:02]} 22. bxa4 { [%clk
0:10:44]} 22... Rxa4 {[%clk 0:39:11]} 23. c3 {[%clk 0:09:57]} 23... Nc6 { [%clk
0:38:44]} 24. Ne3 {[%clk 0:09:08]} 24... Nxe3 {[%clk 0:36:54]} 25. Qxe3 { [%clk
0:09:32]} 25... Rha8 {[%clk 0:24:46]} 26. Kc2 {[%clk 0:09:05]} 26... Ra2 {[%clk
0:21:03]} 27. Nc1 {[%clk 0:08:47]} 27... Ra1 {[%clk 0:17:47]} 28. d5 { [%clk
0:06:13]} 28... exd5 {[%clk 0:15:07]} 29. Rxd5 {[%clk 0:05:57]} 29... Qxe3
{[%clk 0:13:53]} 30. Rxe3 {[%clk 0:06:15]} 30... Rf8 {[%clk 0:13:35]} 31. f3
{[%clk 0:05:36]} 31... Raa8 {[%clk 0:12:56]} 32. Nb3 {[%clk 0:04:50]} 32... Ne7
{[%clk 0:12:26]} 33. Rd1 {[%clk 0:04:41]} 33... Nf5 {[%clk 0:07:03]} 34. Re2
{[%clk 0:04:19]} 34... Rae8 {[%clk 0:06:23]} 35. Rde1 {[%clk 0:02:46]} 35...
Nh4 {[%clk 0:04:20]} 36. Bg3 {[%clk 0:02:17]} 36... Nf5 {[%clk 0:03:12]} 37.
Rxe8 {[%clk 0:01:59]} 37... Rxe8 {[%clk 0:03:28]} 38. Rxe8 {[%clk 0:02:24]}
38... Kxe8 {[%clk 0:03:54]} 39. Bf2 {[%clk 0:02:37]} 39... Ke7 {[%clk 0:03:31]}
40. g4 {[%clk 0:02:07]} 40... Nh4 {[%clk 0:03:21]} 41. Bxh4 {[%clk 0:02:22]}
41... gxh4 {[%clk 0:03:43]} 42. Nd4 {[%clk 0:02:22]} 42... Bxd4 {[%clk 0:03:29]
} 43. cxd4 {[%clk 0:02:47]} 43... Ke6 {[%clk 0:03:42]} 44. Kd3 {[%clk 0:03:04]}
44... d5 {[%clk 0:02:52]} 45. f4 {[%clk 0:02:45]} 45... Kf6 {[%clk 0:02:57]}
46. f5 {[%clk 0:03:09]} 46... h5 {[%clk 0:02:06]} 47. Ke3 {[%clk 0:00:45]}
47... Kg5 {[%clk 0:01:49]} 48. Kf3 {[%clk 0:00:50]} 48... c6 {[%clk 0:00:36]}
49. b4 {[%clk 0:01:11]} 49... Kf6 {[%clk 0:00:37]} 50. Kf4 {[%clk 0:01:13]}
50... hxg4 {[%clk 0:14:37]} 51. hxg4 {[%clk 0:16:24]} 51... Kf7 {[%clk 0:14:43]
} 52. g5 {[%clk 0:16:33]} 52... Kg7 {[%clk 0:14:54]} 53. Kg4 {[%clk 0:16:53]}
53... h3 {[%clk 0:15:02]} 54. Kxh3 {[%clk 0:17:18]} 54... c5 {[%clk 0:15:25]}
55. bxc5 {[%clk 0:17:43]} 55... Kf7 {[%clk 0:15:46]} 56. g6+ {[%clk 0:17:54]}
56... Kf8 {[%clk 0:15:45]} 57. f6 {[%clk 0:18:03]} 57... Kg8 {[%clk 0:15:55]}
58. c6 {[%clk 0:18:19]} 58... Kf8 {[%clk 0:16:16]} 59. c7 {[%clk 0:18:43]}
59... Ke8 {[%clk 0:16:03]} 60. c8=Q# {[%clk 0:19:07]} 1-0

[Event "DEM U12w 2018"]
[Site "Willingen GER"]
[Date "2018.05.21"]
[Round "4"]
[White "Derling, Charlotte"]
[Black "Roncea, Andreea-Alexandra"]
[Result "1/2-1/2"]
[Termination "normal"]
[Board "4"]
[WhiteElo "1449"]
[BlackElo "1532"]
[WhiteClock "00:42:27"]
[BlackClock "00:17:16"]
[PlyCount "79"]
[WhiteFideId "16222237"]
[BlackFideId "16233115"]
[EventCountry "GER"]
[EventRounds "11"]
[EventType "swiss"]
[EventDate "2018.05.19"]

1. e4 {[%clk 1:15:59]} 1... e5 {[%clk 1:15:55]} 2. Nf3 {[%clk 1:16:23]} 2...
Nc6 {[%clk 1:16:20]} 3. d4 {[%clk 1:16:49]} 3... exd4 {[%clk 1:16:42]} 4. Nxd4
{[%clk 1:17:14]} 4... Bc5 {[%clk 1:16:56]} 5. Be3 {[%clk 1:17:35]} 5... Qf6 {
[%clk 1:17:14]} 6. c3 {[%clk 1:17:56]} 6... Nge7 {[%clk 1:17:19]} 7. Be2 {
[%clk 1:18:12]} 7... d5 {[%clk 1:16:45]} 8. Nxc6 {[%clk 1:11:27]} 8... Bxe3 {
[%clk 1:14:21]} 9. fxe3 {[%clk 1:11:51]} 9... Qh4+ {[%clk 1:11:38]} 10. g3 {
[%clk 1:01:28]} 10... Qxe4 {[%clk 1:10:31]} 11. Rf1 {[%clk 0:59:47]} 11... bxc6
{[%clk 1:10:15]} 12. Qd4 {[%clk 0:56:55]} 12... Qxd4 {[%clk 1:09:39]} 13. exd4
{[%clk 0:56:59]} 13... O-O {[%clk 1:09:06]} 14. Rf2 {[%clk 0:56:28]} 14... Nf5
{[%clk 1:03:02]} 15. Rf3 {[%clk 0:54:38]} 15... Nd6 {[%clk 1:01:17]} 16. Nd2 {
[%clk 0:49:12]} 16... Bg4 {[%clk 0:58:43]} 17. Rf2 {[%clk 0:49:05]} 17... Bxe2
{[%clk 0:58:07]} 18. Rxe2 {[%clk 0:49:29]} 18... Rfe8 {[%clk 0:58:12]} 19. Kf2
{[%clk 0:49:20]} 19... Rxe2+ {[%clk 0:57:47]} 20. Kxe2 {[%clk 0:49:46]} 20...
Re8+ {[%clk 0:57:14]} 21. Kf2 {[%clk 0:50:05]} 21... Ne4+ {[%clk 0:55:01]} 22.
Nxe4 {[%clk 0:50:23]} 22... Rxe4 {[%clk 0:55:07]} 23. Rd1 {[%clk 0:49:16]}
23... Kf8 {[%clk 0:54:21]} 24. Rd3 {[%clk 0:48:31]} 24... Ke7 {[%clk 0:53:18]}
25. Rf3 {[%clk 0:48:45]} 25... Re6 {[%clk 0:51:31]} 26. Rf4 {[%clk 0:47:05]}
26... Rf6 {[%clk 0:49:17]} 27. Kf3 {[%clk 0:46:59]} 27... Rxf4+ {[%clk 0:49:11]
} 28. Kxf4 {[%clk 0:47:21]} 28... Kf6 {[%clk 0:45:20]} 29. Kg4 {[%clk 0:47:01]}
29... g6 {[%clk 0:39:47]} 30. Kf4 {[%clk 0:46:05]} 30... g5+ {[%clk 0:38:22]}
31. Kg4 {[%clk 0:44:56]} 31... Kg6 {[%clk 0:37:56]} 32. h3 {[%clk 0:43:47]}
32... f5+ {[%clk 0:36:09]} 33. Kf3 {[%clk 0:43:46]} 33... h5 {[%clk 0:36:10]}
34. Ke3 {[%clk 0:42:54]} 34... Kf6 {[%clk 0:29:57]} 35. Kf3 {[%clk 0:42:42]}
35... Ke6 {[%clk 0:27:34]} 36. Ke3 {[%clk 0:43:02]} 36... c5 {[%clk 0:21:50]}
37. b4 {[%clk 0:41:51]} 37... cxb4 {[%clk 0:17:14]} 38. cxb4 {[%clk 0:41:49]}
38... a6 {[%clk 0:17:15]} 39. a4 {[%clk 0:42:08]} 39... c6 {[%clk 0:17:16]} 40.
Kf3 {[%clk 0:42:27]} 1/2-1/2

[Event "DEM U12w 2018"]
[Site "Willingen GER"]
[Date "2018.05.21"]
[Round "4"]
[White "Breß, Amy Charlize"]
[Black "Wörz, Ann-Sophie"]
[Result "0-1"]
[Termination "normal"]
[Board "5"]
[WhiteElo "1558"]
[BlackElo "1433"]
[WhiteClock "00:14:21"]
[BlackClock "00:37:10"]
[PlyCount "65"]
[WhiteFideId "16233786"]
[BlackFideId "16265890"]
[EventCountry "GER"]
[EventRounds "11"]
[EventType "swiss"]
[EventDate "2018.05.19"]

1. e4 {[%clk 1:15:58]} 1... e5 {[%clk 1:15:53]} 2. Nf3 {[%clk 1:16:20]} 2...
Nc6 {[%clk 1:16:18]} 3. Nc3 {[%clk 1:16:41]} 3... Nf6 {[%clk 1:16:41]} 4. a3 {
[%clk 1:17:04]} 4... Bc5 {[%clk 1:16:42]} 5. Nxe5 {[%clk 1:17:17]} 5... Nxe5 {
[%clk 1:16:23]} 6. d4 {[%clk 1:17:39]} 6... Bxd4 {[%clk 1:16:19]} 7. Qxd4 {
[%clk 1:17:47]} 7... d6 {[%clk 1:15:45]} 8. Be2 {[%clk 1:02:58]} 8... h6 {
[%clk 1:11:18]} 9. h3 {[%clk 0:57:40]} 9... Bd7 {[%clk 1:05:17]} 10. O-O {
[%clk 0:53:58]} 10... O-O {[%clk 1:02:58]} 11. Re1 {[%clk 0:50:48]} 11... Re8 {
[%clk 1:01:09]} 12. Bf4 {[%clk 0:38:45]} 12... Ng6 {[%clk 0:58:56]} 13. Bg3 {
[%clk 0:38:14]} 13... Bc6 {[%clk 0:54:38]} 14. Bd3 {[%clk 0:35:49]} 14... Nd7 {
[%clk 0:47:07]} 15. b4 {[%clk 0:27:29]} 15... Nde5 {[%clk 0:45:32]} 16. Bf1 {
[%clk 0:23:07]} 16... a6 {[%clk 0:43:51]} 17. Rad1 {[%clk 0:20:38]} 17... b5 {
[%clk 0:42:32]} 18. f4 {[%clk 0:14:40]} 18... Nd7 {[%clk 0:41:07]} 19. Bd3 {
[%clk 0:12:18]} 19... Bb7 {[%clk 0:39:25]} 20. e5 {[%clk 0:08:00]} 20... dxe5 {
[%clk 0:39:28]} 21. fxe5 {[%clk 0:07:43]} 21... Ngxe5 {[%clk 0:39:21]} 22. Bxe5
{[%clk 0:07:45]} 22... Nxe5 {[%clk 0:39:19]} 23. Qxd8 {[%clk 0:02:51]} 23...
Raxd8 {[%clk 0:39:48]} 24. Rxe5 {[%clk 0:02:27]} 24... Rxe5 {[%clk 0:39:12]}
25. Bh7+ {[%clk 0:02:41]} 25... Kxh7 {[%clk 0:39:22]} 26. Rxd8 {[%clk 0:03:06]}
26... Re3 {[%clk 0:38:08]} 27. Rd3 {[%clk 0:02:23]} 27... Rxd3 {[%clk 0:37:21]}
28. cxd3 {[%clk 0:02:45]} 28... Kg6 {[%clk 0:37:46]} 29. Kf2 {[%clk 0:03:08]}
29... Kf5 {[%clk 0:37:43]} 30. g3 {[%clk 0:03:28]} 30... g5 {[%clk 0:37:17]}
31. Ke3 {[%clk 0:02:40]} 31... Bg2 {[%clk 0:37:05]} 32. g4+ {[%clk 0:01:50]}
32... Ke6 {[%clk 0:37:10]} 33. Ne4 {[%clk 0:14:21]} 0-1

[Event "DEM U12w 2018"]
[Site "Willingen GER"]
[Date "2018.05.21"]
[Round "4"]
[White "Hentschel, Lena"]
[Black "Schneider, Anna"]
[Result "1-0"]
[Termination "normal"]
[Board "6"]
[WhiteElo "1466"]
[BlackElo "1432"]
[WhiteClock "00:09:37"]
[BlackClock "00:20:14"]
[PlyCount "109"]
[WhiteFideId "16240324"]
[BlackFideId "16200527"]
[EventCountry "GER"]
[EventRounds "11"]
[EventType "swiss"]
[EventDate "2018.05.19"]

1. d4 {[%clk 1:15:57]} 1... d5 {[%clk 1:15:54]} 2. Bf4 {[%clk 1:16:17]} 2... e6
{[%clk 1:16:17]} 3. e3 {[%clk 1:16:27]} 3... Nf6 {[%clk 1:16:38]} 4. Nf3 {
[%clk 1:16:28]} 4... c5 {[%clk 1:16:53]} 5. c3 {[%clk 1:16:16]} 5... Nc6 {
[%clk 1:17:06]} 6. Bd3 {[%clk 1:15:38]} 6... Bd6 {[%clk 1:17:24]} 7. Bxd6 {
[%clk 1:13:56]} 7... Qxd6 {[%clk 1:17:40]} 8. Nbd2 {[%clk 1:14:00]} 8... O-O {
[%clk 1:17:02]} 9. O-O {[%clk 1:13:32]} 9... cxd4 {[%clk 1:16:53]} 10. exd4 {
[%clk 1:13:43]} 10... Re8 {[%clk 1:17:04]} 11. Re1 {[%clk 1:13:53]} 11... e5 {
[%clk 1:16:31]} 12. dxe5 {[%clk 1:12:43]} 12... Nxe5 {[%clk 1:16:49]} 13. Nxe5
{[%clk 1:06:49]} 13... Rxe5 {[%clk 1:16:51]} 14. Nf3 {[%clk 1:05:16]} 14...
Rxe1+ {[%clk 1:14:46]} 15. Qxe1 {[%clk 1:05:10]} 15... Bg4 {[%clk 1:13:35]} 16.
Qe5 {[%clk 1:01:31]} 16... Qd7 {[%clk 1:11:39]} 17. Nd4 {[%clk 0:57:41]} 17...
Re8 {[%clk 1:11:07]} 18. Qf4 {[%clk 0:56:52]} 18... a6 {[%clk 1:04:48]} 19. Qd2
{[%clk 0:54:04]} 19... Bh5 {[%clk 1:00:51]} 20. Re1 {[%clk 0:52:42]} 20... Ne4
{[%clk 0:53:43]} 21. Bxe4 {[%clk 0:50:09]} 21... dxe4 {[%clk 0:53:53]} 22. Qe3
{[%clk 0:48:58]} 22... f5 {[%clk 0:51:37]} 23. Qg5 {[%clk 0:46:29]} 23... Bg6 {
[%clk 0:50:56]} 24. h4 {[%clk 0:44:27]} 24... Qf7 {[%clk 0:49:44]} 25. h5 {
[%clk 0:41:06]} 25... Bxh5 {[%clk 0:49:26]} 26. Qxf5 {[%clk 0:41:05]} 26... Qg6
{[%clk 0:47:08]} 27. Qxg6 {[%clk 0:33:36]} 27... Bxg6 {[%clk 0:47:28]} 28. Kf1
{[%clk 0:33:29]} 28... Kf7 {[%clk 0:46:13]} 29. Ke2 {[%clk 0:32:51]} 29... Kf6
{[%clk 0:42:55]} 30. Ke3 {[%clk 0:32:17]} 30... Ke5 {[%clk 0:42:30]} 31. Rd1 {
[%clk 0:31:30]} 31... Bh5 {[%clk 0:40:18]} 32. Rd2 {[%clk 0:30:24]} 32... Bf7 {
[%clk 0:39:31]} 33. b3 {[%clk 0:27:16]} 33... h6 {[%clk 0:33:14]} 34. Ne2 {
[%clk 0:26:33]} 34... g5 {[%clk 0:32:46]} 35. Ng3 {[%clk 0:25:04]} 35... Bg6 {
[%clk 0:32:29]} 36. Rd4 {[%clk 0:24:46]} 36... b5 {[%clk 0:28:57]} 37. Nxe4 {
[%clk 0:23:29]} 37... Rc8 {[%clk 0:25:24]} 38. f3 {[%clk 0:21:35]} 38... Rc6 {
[%clk 0:23:03]} 39. g3 {[%clk 0:13:11]} 39... a5 {[%clk 0:22:17]} 40. Kd2 {
[%clk 0:10:19]} 40... Bxe4 {[%clk 0:21:22]} 41. Rxe4+ {[%clk 0:10:27]} 41...
Kf5 {[%clk 0:21:13]} 42. g4+ {[%clk 0:09:42]} 42... Kf6 {[%clk 0:21:29]} 43. c4
{[%clk 0:07:40]} 43... bxc4 {[%clk 0:20:47]} 44. Rxc4 {[%clk 0:07:44]} 44...
Rxc4 {[%clk 0:19:00]} 45. bxc4 {[%clk 0:08:07]} 45... Ke5 {[%clk 0:19:08]} 46.
Ke3 {[%clk 0:08:17]} 46... a4 {[%clk 0:18:38]} 47. a3 {[%clk 0:08:17]} 47...
Kd6 {[%clk 0:18:56]} 48. Kd4 {[%clk 0:08:36]} 48... Kc6 {[%clk 0:18:32]} 49. c5
{[%clk 0:08:40]} 49... Kc7 {[%clk 0:18:50]} 50. Kc4 {[%clk 0:08:39]} 50... Kc6
{[%clk 0:19:18]} 51. Kb4 {[%clk 0:08:53]} 51... Kd5 {[%clk 0:19:11]} 52. Kb5 {
[%clk 0:09:10]} 52... Ke5 {[%clk 0:19:25]} 53. c6 {[%clk 0:08:59]} 53... Kf4 {
[%clk 0:19:49]} 54. c7 {[%clk 0:09:21]} 54... Kxf3 {[%clk 0:20:14]} 55. c8=Q {
[%clk 0:09:37]} 1-0

[Event "DEM U12w 2018"]
[Site "Willingen GER"]
[Date "2018.05.21"]
[Round "4"]
[White "Buchholz, Maja"]
[Black "Keymer, Cecilia"]
[Result "0-1"]
[Termination "normal"]
[Board "7"]
[WhiteElo "1320"]
[BlackElo "1423"]
[WhiteClock "00:35:23"]
[BlackClock "00:14:57"]
[PlyCount "118"]
[WhiteFideId "16200500"]
[BlackFideId "16233468"]
[EventCountry "GER"]
[EventRounds "11"]
[EventType "swiss"]
[EventDate "2018.05.19"]

1. c4 {[%clk 1:15:58]} 1... c6 {[%clk 1:15:55]} 2. g3 {[%clk 1:16:25]} 2... d5
{[%clk 1:16:00]} 3. Nf3 {[%clk 1:16:50]} 3... Nf6 {[%clk 1:16:08]} 4. Bg2 {
[%clk 1:17:08]} 4... Bf5 {[%clk 1:15:52]} 5. O-O {[%clk 1:15:46]} 5... e6 {
[%clk 1:15:29]} 6. d3 {[%clk 1:15:11]} 6... Be7 {[%clk 1:13:49]} 7. Nbd2 {
[%clk 1:14:39]} 7... O-O {[%clk 1:10:44]} 8. Qb3 {[%clk 1:12:05]} 8... Qb6 {
[%clk 1:06:58]} 9. Qxb6 {[%clk 1:11:58]} 9... axb6 {[%clk 1:07:19]} 10. Nh4 {
[%clk 1:11:55]} 10... Bg6 {[%clk 1:05:55]} 11. Nxg6 {[%clk 1:10:51]} 11... hxg6
{[%clk 1:06:00]} 12. a3 {[%clk 1:08:07]} 12... Nbd7 {[%clk 1:02:35]} 13. d4 {
[%clk 1:07:25]} 13... Rfe8 {[%clk 0:54:49]} 14. b4 {[%clk 1:05:37]} 14... Bxb4
{[%clk 0:53:25]} 15. Rd1 {[%clk 1:05:20]} 15... Bxd2 {[%clk 0:49:49]} 16. Rxd2
{[%clk 1:04:58]} 16... dxc4 {[%clk 0:47:48]} 17. Bb2 {[%clk 1:04:44]} 17... Nd5
{[%clk 0:43:23]} 18. Rc2 {[%clk 1:04:30]} 18... b5 {[%clk 0:41:53]} 19. e4 {
[%clk 1:03:40]} 19... Nc7 {[%clk 0:39:55]} 20. Bc3 {[%clk 1:02:56]} 20... Red8
{[%clk 0:34:48]} 21. Rd2 {[%clk 0:56:58]} 21... Nb6 {[%clk 0:30:06]} 22. Bf3 {
[%clk 0:45:00]} 22... Na4 {[%clk 0:24:21]} 23. Bb4 {[%clk 0:44:53]} 23... Rd7 {
[%clk 0:22:40]} 24. e5 {[%clk 0:44:16]} 24... Nd5 {[%clk 0:19:29]} 25. Bxd5 {
[%clk 0:42:16]} 25... Rxd5 {[%clk 0:18:42]} 26. Bd6 {[%clk 0:41:51]} 26... c5 {
[%clk 0:16:05]} 27. Kf1 {[%clk 0:39:46]} 27... cxd4 {[%clk 0:16:19]} 28. f4 {
[%clk 0:36:38]} 28... d3 {[%clk 0:15:32]} 29. Ke1 {[%clk 0:33:46]} 29... c3 {
[%clk 0:14:58]} 30. Rg2 {[%clk 0:32:17]} 30... d2+ {[%clk 0:14:35]} 31. Ke2 {
[%clk 0:32:06]} 31... c2 {[%clk 0:14:34]} 32. Kf2 {[%clk 0:30:47]} 32... d1=Q {
[%clk 0:14:46]} 33. Rg1 {[%clk 0:30:21]} 33... Qd2+ {[%clk 0:14:31]} 34. Kf3 {
[%clk 0:30:16]} 34... Rc8 {[%clk 0:13:18]} 35. Bb4 {[%clk 0:30:02]} 35... Qd3+
{[%clk 0:11:57]} 36. Kf2 {[%clk 0:30:04]} 36... Qd4+ {[%clk 0:10:39]} 37. Kf3 {
[%clk 0:30:07]} 37... Qxa1 {[%clk 0:10:34]} 38. Rxa1 {[%clk 0:30:28]} 38...
c1=Q {[%clk 0:10:48]} 39. Rxc1 {[%clk 0:30:56]} 39... Rxc1 {[%clk 0:11:09]} 40.
Bd6 {[%clk 0:30:50]} 40... Rxd6 {[%clk 0:10:39]} 41. exd6 {[%clk 0:31:12]}
41... Rd1 {[%clk 0:11:03]} 42. Ke4 {[%clk 0:30:43]} 42... Rxd6 {[%clk 0:11:28]}
43. Ke5 {[%clk 0:30:53]} 43... Rd3 {[%clk 0:11:41]} 44. Ke4 {[%clk 0:31:09]}
44... Rxa3 {[%clk 0:12:03]} 45. Kd4 {[%clk 0:31:32]} 45... Rc3 {[%clk 0:12:20]}
46. g4 {[%clk 0:31:40]} 46... b4 {[%clk 0:12:47]} 47. Ke5 {[%clk 0:31:35]}
47... b3 {[%clk 0:13:02]} 48. f5 {[%clk 0:31:46]} 48... b2 {[%clk 0:13:12]} 49.
fxe6 {[%clk 0:32:07]} 49... fxe6 {[%clk 0:13:37]} 50. Kxe6 {[%clk 0:32:28]}
50... b1=Q {[%clk 0:14:00]} 51. h4 {[%clk 0:32:49]} 51... Qe1+ {[%clk 0:14:16]}
52. Kd5 {[%clk 0:33:11]} 52... Rd3+ {[%clk 0:14:29]} 53. Kc4 {[%clk 0:33:30]}
53... Qc3+ {[%clk 0:14:49]} 54. Kb5 {[%clk 0:33:46]} 54... Qc5+ {[%clk 0:14:26]
} 55. Kxa4 {[%clk 0:34:05]} 55... Rd4+ {[%clk 0:14:18]} 56. Kb3 {[%clk 0:34:26]
} 56... Qc4+ {[%clk 0:14:32]} 57. Kb2 {[%clk 0:34:47]} 57... Rd6 { [%clk
0:14:37]} 58. Ka3 {[%clk 0:35:00]} 58... Qb5 {[%clk 0:14:57]} 59. Ka2 { [%clk
0:35:23]} 59... Ra6# 0-1

[Event "DEM U12w 2018"]
[Site "Willingen GER"]
[Date "2018.05.21"]
[Round "4"]
[White "Schulz, Hannah"]
[Black "Bildat, Emilia"]
[Result "1-0"]
[Termination "normal"]
[Board "8"]
[WhiteElo "1651"]
[BlackElo "1460"]
[WhiteClock "00:45:05"]
[BlackClock "00:42:45"]
[PlyCount "77"]
[WhiteFideId "16244745"]
[BlackFideId "16218140"]
[EventCountry "GER"]
[EventRounds "11"]
[EventType "swiss"]
[EventDate "2018.05.19"]

1. e4 {[%clk 1:15:58]} 1... e5 {[%clk 1:15:55]} 2. Nf3 {[%clk 1:16:23]} 2...
Nc6 {[%clk 1:16:19]} 3. Bc4 {[%clk 1:16:49]} 3... Nf6 {[%clk 1:16:38]} 4. d3 {
[%clk 1:17:13]} 4... Bc5 {[%clk 1:16:55]} 5. O-O {[%clk 1:17:28]} 5... O-O {
[%clk 1:17:12]} 6. c3 {[%clk 1:17:03]} 6... d6 {[%clk 1:17:19]} 7. Re1 { [%clk
1:16:30]} 7... h6 {[%clk 1:15:48]} 8. Nbd2 {[%clk 1:16:00]} 8... Be6 { [%clk
1:14:59]} 9. Bb3 {[%clk 1:13:32]} 9... Bxb3 {[%clk 1:13:11]} 10. Qxb3 { [%clk
1:13:35]} 10... Bb6 {[%clk 1:11:27]} 11. Qd1 {[%clk 1:12:28]} 11... Re8 { [%clk
1:09:24]} 12. Nf1 {[%clk 1:12:13]} 12... d5 {[%clk 1:06:01]} 13. Qe2 { [%clk
1:06:14]} 13... Ng4 {[%clk 1:03:38]} 14. Ne3 {[%clk 1:05:13]} 14... Nxe3 {[%clk
1:01:26]} 15. Bxe3 {[%clk 1:05:36]} 15... dxe4 {[%clk 1:00:29]} 16. dxe4 {[%clk
1:05:29]} 16... Bxe3 {[%clk 1:00:09]} 17. Qxe3 {[%clk 1:05:45]} 17... Qe7
{[%clk 1:00:23]} 18. Rad1 {[%clk 1:05:19]} 18... Rad8 {[%clk 1:00:24]} 19. Rd5
{[%clk 1:04:27]} 19... Rd7 {[%clk 0:54:53]} 20. a3 {[%clk 1:01:26]} 20... Red8
{[%clk 0:53:23]} 21. c4 {[%clk 1:01:00]} 21... a6 {[%clk 0:51:05]} 22. Qc3
{[%clk 0:56:37]} 22... f6 {[%clk 0:49:59]} 23. Nh4 {[%clk 0:55:00]} 23... Qf7 {
[%clk 0:49:18]} 24. Nf5 {[%clk 0:53:51]} 24... Ne7 {[%clk 0:48:32]} 25. Nxe7+ {
[%clk 0:52:28]} 25... Qxe7 {[%clk 0:48:53]} 26. Qb3 {[%clk 0:51:41]} 26... c6 {
[%clk 0:48:01]} 27. Rxd7 {[%clk 0:50:28]} 27... Qxd7 {[%clk 0:46:34]} 28. c5+ {
[%clk 0:49:44]} 28... Qf7 {[%clk 0:46:04]} 29. Qc2 {[%clk 0:47:36]} 29... Qd7 {
[%clk 0:45:11]} 30. f3 {[%clk 0:46:07]} 30... Qd4+ {[%clk 0:43:35]} 31. Kf1 {
[%clk 0:45:20]} 31... Qd3+ {[%clk 0:42:31]} 32. Qxd3 {[%clk 0:45:26]} 32...
Rxd3 {[%clk 0:42:55]} 33. Ke2 {[%clk 0:45:42]} 33... Rb3 {[%clk 0:42:44]} 34.
Rb1 {[%clk 0:45:33]} 34... Rb5 {[%clk 0:42:56]} 35. b4 {[%clk 0:45:49]} 35...
a5 {[%clk 0:43:05]} 36. Kd3 {[%clk 0:44:34]} 36... b6 {[%clk 0:42:19]} 37. a4 {
[%clk 0:44:20]} 37... Rxb4 {[%clk 0:42:22]} 38. Rxb4 {[%clk 0:44:42]} 38...
axb4 {[%clk 0:42:45]} 39. cxb6 {[%clk 0:45:05]} 1-0

[Event "DEM U12w 2018"]
[Site "Willingen GER"]
[Date "2018.05.21"]
[Round "4"]
[White "Gossing, Marie-Sophie"]
[Black "Fischer, Darja"]
[Result "0-1"]
[Termination "normal"]
[Board "9"]
[WhiteElo "1309"]
[BlackElo "1292"]
[WhiteClock "00:56:30"]
[BlackClock "01:06:47"]
[PlyCount "49"]
[WhiteFideId "16217284"]
[BlackFideId "16240898"]
[EventCountry "GER"]
[EventRounds "11"]
[EventType "swiss"]
[EventDate "2018.05.19"]

1. e4 {[%clk 1:15:57]} 1... c6 {[%clk 1:15:55]} 2. d4 {[%clk 1:16:15]} 2... d5
{[%clk 1:16:19]} 3. exd5 {[%clk 1:16:30]} 3... cxd5 {[%clk 1:16:40]} 4. Bd3 {
[%clk 1:16:52]} 4... Nc6 {[%clk 1:17:04]} 5. Nf3 {[%clk 1:16:55]} 5... Bg4 {
[%clk 1:17:12]} 6. Be3 {[%clk 1:16:37]} 6... e6 {[%clk 1:17:01]} 7. Nbd2 {
[%clk 1:15:58]} 7... Nf6 {[%clk 1:16:40]} 8. Bb5 {[%clk 1:11:56]} 8... Rc8 {
[%clk 1:15:10]} 9. Qe2 {[%clk 1:09:43]} 9... Bd6 {[%clk 1:13:47]} 10. O-O {
[%clk 1:09:09]} 10... O-O {[%clk 1:13:26]} 11. Bxc6 {[%clk 1:05:04]} 11... Rxc6
{[%clk 1:11:52]} 12. Rac1 {[%clk 1:04:06]} 12... Qc7 {[%clk 1:11:51]} 13. Qd3 {
[%clk 1:03:27]} 13... Bf5 {[%clk 1:10:58]} 14. Qe2 {[%clk 1:00:22]} 14... Rxc2
{[%clk 1:10:45]} 15. Rxc2 {[%clk 0:59:31]} 15... Qxc2 {[%clk 1:10:07]} 16. Qb5
Bd3 17. Qxb7 {[%clk 0:58:18]} 17... Bxf1 {[%clk 1:09:29]} 18. Nxf1 { [%clk
0:58:13]} 18... Qc7 {[%clk 1:09:22]} 19. Qb3 {[%clk 0:58:01]} 19... Rb8 { [%clk
1:08:48]} 20. Qd3 {[%clk 0:57:51]} 20... Rxb2 {[%clk 1:07:33]} 21. Bg5 { [%clk
0:57:49]} 21... Qc2 {[%clk 1:06:31]} 22. Qe3 {[%clk 0:57:09]} 22... Qe2 { [%clk
1:06:35]} 23. Qxe2 {[%clk 0:56:43]} 23... Rxe2 {[%clk 1:06:57]} 24. a4 { [%clk
0:56:44]} 24... Ra2 {[%clk 1:06:47]} 25. N1d2 {[%clk 0:56:30]} 0-1